000 01789cam a22004574i 4500
003 PE-LiUPU
005 20250731184101.0
008 180319s2013 inua rb 001 0 eng d
020 _a157506247X
020 _a9781575062471
035 _a(Sirsi) i9781575062471
035 _a(OCoLC)863953957
040 _aPE-LiUPU
_bspa
_cPE-LiUPU
_erda
041 1 _aeng
_aakk
_aakk
049 _aPRUA
082 0 4 _a892.1
_bL21
_223
100 1 _aLambert, Wilfred G.,
_eautor.
245 1 0 _aBabylonian creation myths /
_cW.G. Lambert.
264 1 _aWinona Lake, Indiana :
_bEisenbrauns,
_c2013.
300 _axvi, 640 páginas ;
_c29 centímetros.
336 _atext
_2rdacontent
337 _aunmediated
_2rdamedia
338 _avolume
_2rdacarrier
490 0 _aMesopotamian civilizations ;
_v16
504 _aBibliografía: páginas 467-526.
505 0 _aPart I. Enūma eliš : The Babylonian epic of creation -- part II. Enūma eliš and Marduk -- part III. Further Babylonian creation tales -- part IV. Other material related to Enūma eliš -- part V. Summary.
504 _aÍndice: páginas 607-640.
526 _aP145
526 _aP127
526 _aP97
526 _aP14
526 _aP07
650 1 4 _aHistoria antigua.
910 _adbm
_bjpc
_cjpc
_d20190319
942 _2ddc
_cBOOK
949 _a892.1 L21
_wDEWEY
_c1
_i79921
_lCATALOGING
_mBUL
_p99.50
_r0
_sY
_tBOOK
_u2019-03-19
_xTeología
_zTeología
_0COMPRA
_o.STAFF. Colección Teología
994 _aC0
_bPEPRU
596 _a1
999 _a892.1 L21
_wDEWEY
_c31237
_i79921
_d31237
_f2021-11-11
_g3
_lCCODEBUL1
_mBUL
_p99.50
_q1
_r0
_sY
_tBOOK
_u2019-3-19
_xTEOLOGIA
_PP35
_0COMPRA
_o.STAFF. Colección Teología
980 _81
_gALBERTO SANCHEZ Responsable de Automatización